[Event "San Cristobal op 3rd"]
[Site "San Cristobal"]
[Date "2016.11.12"]
[Round "6.11"]
[White "Gil Mavares, Ricardo Jose"]
[Black "Diaz Carias, Salvador"]
[Result "1-0"]
[WhiteElo "1921"]
[BlackElo "2014"]
[PlyCount "101"]
[EventDate "2016.11.10"]
[EventType "swiss"]
[EventRounds "7"]
[EventCountry "VEN"]
[SourceTitle "EXT 2022"]
[Source "ChessBase"]
[SourceDate "2021.10.06"]
[SourceVersion "1"]
[SourceVersionDate "2021.10.06"]
[SourceQuality "1"]

1. e4 g6 2. d4 Bg7 3. Nf3 d6 4. Nc3 a6 5. Be2 b5 6. 0-0 Bb7 7. a3 Nf6 8. Re1 0-0 9. Bf1 Nbd7 10. h3 Nb6 11. Bg5 Nfd7 12. Qd2 Re8 13. Rad1 c5 14. Bh6 Bh8 15. Ng5 cxd4 16. Qf4 Ne5 17. Ne2 Nbd7 18. Nxd4 Nf6 19. Ndf3 Nxf3+ 20. Qxf3 Qc7 21. Qb3 e6 22. c4 bxc4 23. Bxc4 d5 24. exd5 Bxd5 25. Bxd5 Nxd5 26. Rd3 Reb8 27. Qa4 Bxb2 28. Rf3 Nf6 29. Rd1 Rb5 30. Qh4 Be5 31. Ne4 Nd5 32. Rc1 Qb7 33. Nc5 Qa7 34. Qe4 Bb2 35. Rc2 Bh8 36. Nd3 Rab8 37. Ne5 Rb1+ 38. Kh2 R1b7 39. Nc6 Qa8 40. Nxb8 Qxb8+ 41. g3 a5 42. Qc4 Rc7 43. Qe2 Rxc2 44. Qxc2 Be5 45. Rb3 Qe8 46. Rb7 f5 47. Qe2 Bd6 48. Qb2 e5 49. Qd2 Qe6 50. Qxa5 Qe8 51. Qxd5+ 1-0

[Event "San Cristobal op 3rd"]
[Site "San Cristobal"]
[Date "2016.11.11"]
[Round "4"]
[White "Gil Mavares, Ricardo Jose"]
[Black "Delgado Macias, Mario"]
[Result "1-0"]
[WhiteElo "1921"]
[BlackElo "1884"]
[PlyCount "81"]
[EventDate "2016.11.10"]
[EventType "swiss"]
[EventRounds "7"]
[EventCountry "VEN"]
[SourceTitle "EXT 2018"]
[Source "ChessBase"]
[SourceDate "2017.10.13"]
[SourceVersion "1"]
[SourceVersionDate "2017.10.13"]
[SourceQuality "1"]

1. e4 c5 2. Nf3 d6 3. d4 cxd4 4. Nxd4 Nf6 5. Nc3 a6 6. Be2 e6 7. 0-0 Be7 8. Be3 Qc7 9. Qd2 0-0 10. Bf3 Nc6 11. Nxc6 bxc6 12. Rfd1 e5 13. Na4 Rb8 14. c4 Bg4 15. Qe2 Bxf3 16. Qxf3 Rb4 17. b3 Rd8 18. Rac1 Qb7 19. Bd2 d5 20. Bxb4 Bxb4 21. exd5 cxd5 22. cxd5 e4 23. Qf5 Bd6 24. Nc5 Qe7 25. b4 g6 26. Qg5 h5 27. h4 Kg7 28. Nb3 Qa7 29. Nc5 Qb8 30. g3 Re8 31. Qe3 Qa8 32. Kg2 Ng4 33. Qc3+ Be5 34. Qa3 Bd6 35. Qxa6 Qd8 36. Qe2 Qf6 37. Rc2 Qe5 38. Rc4 e3 39. Re4 Qf5 40. Rxe8 Nxf2 41. Rxe3 1-0

[Event "Fundacion Para Todos I IRT Clasico -ch"]
[Site "Maracaibo"]
[Date "2016.11.05"]
[Round "3.2"]
[White "Rondon Montero, Ernesto Antonio"]
[Black "Gil Mavares, Ricardo Jose"]
[Result "0-1"]
[WhiteElo "2008"]
[BlackElo "1921"]
[PlyCount "141"]
[EventDate "2016.11.05"]
[EventType "swiss"]
[EventRounds "5"]
[EventCountry "VEN"]
[SourceTitle "EXT 2022"]
[Source "ChessBase"]
[SourceDate "2021.10.06"]
[SourceVersion "1"]
[SourceVersionDate "2021.10.06"]
[SourceQuality "1"]

1. Nf3 Nf6 2. d4 d5 3. g3 e6 4. Bg2 Be7 5. 0-0 0-0 6. Nbd2 c6 7. b3 Nbd7 8. Bb2 b6 9. Re1 Bb7 10. Ne5 Qc7 11. Rc1 Rad8 12. f4 Rfe8 13. c4 Nf8 14. cxd5 exd5 15. e4 dxe4 16. Nxe4 Nxe4 17. Bxe4 c5 18. Qf3 Bxe4 19. Rxe4 Qb7 20. Qg2 Ne6 21. Rce1 Bf8 22. Nf3 Qa6 23. Ba1 cxd4 24. f5 Nc7 25. Rxe8 Nxe8 26. Bxd4 Qd3 27. g4 Nf6 28. Bxf6 gxf6 29. Qe2 Bc5+ 30. Kg2 Qd5 31. Qe4 Qd7 32. Re2 Qb5 33. g5 fxg5 34. f6 h6 35. h4 Bf8 36. hxg5 hxg5 37. Re3 Qd5 38. Qg4 Bd6 39. Re4 Qc5 40. Nxg5 Qc2+ 41. Qe2 Qxe2+ 42. Rxe2 Bf4 43. Ne4 Rd3 44. Kf2 Bh6 45. Kf1 Kh7 46. Rg2 Rf3+ 47. Rf2 Rxf2+ 48. Kxf2 Kg6 49. Nd6 a6 50. Ne8 Bf4 51. Kf3 Be5 52. Ke4 Bxf6 53. Nc7 a5 54. Kd5 Bd8 55. Nb5 f5 56. Nd4 Be7 57. Nf3 Kf7 58. Kc6 Bc5 59. a3 Ke6 60. b4 axb4 61. axb4 Be3 62. b5 f4 63. Ne1 Ke5 64. Nf3+ Ke4 65. Ng5+ Kd3 66. Kd5 Bc5 67. Ne4 Bd4 68. Nd6 f3 69. Nc4 f2 70. Ne5+ Ke2 71. Nc4 0-1